000 00388nam a2200157Ia 4500
008 230917s9999||||xx |||||||||||||| ||und||
040 _e73737
_aMAIN
041 _aEnglish
082 _a658.4 G959O
100 _aGupta, N S
245 0 _aOrganisation: theory and behaviour
250 _a2nd ed.
260 _aBombay
_bHimalaya Publishing House
_c1992
300 _a487 p.
942 _cBK
999 _c70609
_d70609